000 00392pab a2200169 454500
008 180718b2014 xxu||||| |||| 00| 0 eng d
100 _aAnand Kumar
245 _aLohia line on destruction of the caste system
260 _c2014
300 _ap.19-21.
362 _a22 Mar
650 _aLohia, Rammanohar
650 _aCaste
773 _aMainstream
908 _aN
909 _a105486
999 _c105481
_d105481